| 000 -LEADER |
| fixed length control field |
00595cam a2200193Ia 4500 |
| 020 ## - INTERNATIONAL STANDARD BOOK NUMBER |
| ISBN |
3823611690 |
| 040 ## - CATALOGING SOURCE |
| Transcribing agency |
GZM |
| 041 1# - LANGUAGE CODE |
| Language code of original and/or intermediate translations of text |
ger |
| 082 ## - DEWEY DECIMAL CLASSIFICATION NUMBER |
| Classification number |
CTA THE 1991 C077 Or. |
| 100 1# - MAIN ENTRY--AUTHOR NAME |
| Personal name |
Rehm, Sigmund |
| 245 14 - TITLE STATEMENT |
| Title |
The cultivated plants of the tropics and subtropics : |
| Remainder of title |
cultivation, economic value, utilization / |
| 250 ## - EDITION STATEMENT |
| Edition statement |
English ed |
| 260 ## - PUBLICATION, DISTRIBUTION, ETC. (IMPRINT) |
| Place of publication |
Weikersheim, West Germany : |
| Name of publisher |
Margraf, |
| Year of publication |
1991 |
| 300 ## - PHYSICAL DESCRIPTION |
| Number of Pages |
viii, 552 p. : |
| Other physical details |
ill. ; |
| Dimensions |
21 cm |
| 500 ## - GENERAL NOTE |
| General note |
Translation of Die Kulturpflanzen der Tropen und Subtropen |
| 650 #0 - SUBJECT ADDED ENTRY--TOPICAL TERM |
| Topical Term |
Tropical crops |
| 700 1# - ADDED ENTRY--PERSONAL NAME |
| Personal name |
Espig, Gustav |
| 942 ## - ADDED ENTRY ELEMENTS (KOHA) |
| Koha item type |
ADB |
| 952 ## - LOCATION AND ITEM INFORMATION (KOHA) |
| Withdrawn status [LOCAL, KOHA] |
0 |